Itinerario di Roma e suoi dintorni / (Record no. 160634)
[ view plain ]
| 000 -LEADER | |
|---|---|
| campo de control de longitud fija | 00757nam a2200193 i 4500 |
| 001 - NÚMERO DE CONTROL | |
| campo de control | 160634 |
| 003 - IDENTIFICADOR DE NÚMERO DE CONTROL | |
| campo de control | ES-MaACL |
| 005 - FECHA Y HORA DE LA ÚLTIMA TRANSACCIÓN | |
| campo de control | 20230906212107.0 |
| 008 - DATOS DE LONGITUD FIJA--INFORMACIÓN GENERAL | |
| campo de control de longitud fija | 040930s1879 it abf |||| | ita d |
| 040 ## - FUENTE DE CATALOGACIÓN | |
| Centro catalogador/agencia de origen | CAM |
| Lengua de catalogación | spa |
| Centro/agencia transcriptor | CAM |
| 100 1# - ENTRADA PRINCIPAL--NOMBRE DE PERSONA | |
| Nombre de persona | Nibby, Antonio. |
| 9 (RLIN) | 130455 |
| 245 10 - MENCIÓN DEL TÍTULO | |
| Título | Itinerario di Roma e suoi dintorni / |
| Mención de responsabilidad, etc. | di Antonio Nibby ; corretto ed ampliato seconde le ultime scoperte e gli studi piú recenti dal prof. Filippo Porena. |
| 250 ## - MENCION DE EDICION | |
| Mención de edición | 9 ed. |
| 260 ## - PUBLICACIÓN, DISTRIBUCIÓN, ETC. | |
| Lugar de publicación, distribución, etc. | Roma : |
| Nombre del editor, distribuidor, etc. | Ermanno Loescher & C., |
| Fecha de publicación, distribución, etc. | 1879 ( |
| Lugar de fabricación/manufactura | Torino : |
| Fabricante | Vincenzo Bona) |
| 300 ## - DESCRIPCIÓN FÍSICA | |
| Extensión | XXX, 494 p., plans. pleg., maps. pleg., lám. ; |
| Dimensiones | 18 cm. |
| 651 #4 - PUNTO DE ACCESO ADICIONAL DE MATERIA--NOMBRE GEOGRÁFICO | |
| Nombre geográfico | Roma- |
| Subdivisión de forma | Guías. |
| 9 (RLIN) | 137336 |
| 700 1# - ENTRADA AGREGADA--NOMBRE PERSONAL | |
| Nombre de persona | Porena, Filippo. |
| 9 (RLIN) | 131284 |
| 852 ## - LOCALIZACIÓN | |
| Ubicación | ES-MaACL |
| Número de control de estantería | C-271 |
| Nota libre | -- Enc. ed. en tela con hierros dorados |
| Estatus retirado | Estado de pérdida | Estado de daño | No para préstamo | Colección | Biblioteca de origen | Biblioteca actual | Ubicación en estantería | Fecha de adquisición | Fuente de adquisición | Total de préstamos | Signatura topográfica completa | Código de barras | Visto por última vez | Precio de reemplazo | Tipo de ítem Koha |
|---|---|---|---|---|---|---|---|---|---|---|---|---|---|---|---|
| Libros del s. XIX | Biblioteca del Ateneo de Madrid | Biblioteca del Ateneo de Madrid | Sala Palomar | 17/01/2008 | C-271 | 1168195 | 23/02/2023 | 23/02/2023 | Libro impreso antiguo |
